LEADER 00754nam a2200205 i 4500 001 000000038639 003 CaOOAMICUS 005 20120412000000.0 008 120412n it u000 u ita u 013 $a9231 040 $aSeMil$bita 245 14$a[La preghiera nella storia delle religioni]. 300 $a727 p. 650 4$aReligioni - Storia.$0(OLS)http://semarc/subject/266 700 1 $aBoccassino, Renato.$0(OLS)http://semarc/name/11946 773 0 $tPreghiera.$dMilano : Àncora, 1967.$gVolume1$w()26589 850 $aSeMil 852 $aSeMil$W1$xVenegono$y1$m2C VI 173$j4794$B4794$CSeMilBibl$Z2$F4794 $81 961 $aOmaggio: Colombo Card. Giovanni 996 $6245$a[La preghiera nella storia delle religioni]$9(OLS)http://semarc/title/54621 LEADER 01021nam a2200265 i 4500 001 000000039360 003 CaOOAMICUS 005 20250509142039.0 008 071210s1988 it u000 u ita u 013 $a10095 040 $aSeMil$bita 100 1 $aAjtmatov, ?yngyz,$d<1928-2008>.$0(OLS)http://semarc/name/19066 245 13$aIl patibolo /$cCingiz Ajtmatov ; presentazione di Erica Klein. 260 $aMilano :$bMursia,$ccopyr. 1988. 300 $a357 p. ;$c21 cm. 490 0 $aNarratori sovietici e dell'Europa orientale ;$v12 700 1 $aKlein, Erica.$0(OLS)http://semarc/name/19067 830 0$aNarratori sovietici e dell'Europa orientale ;$v12.$0(OLS)http://semarc/title/24899 850 $aSeMil 852 $aSeMil$W1$xVenegono$y1$m1W II 545$j256697$B5515$CSeMilBibl$Z2$F5515 $81 941 1 $a1 961 $aOmaggio: Ciprandi dott. Paolo 996 $6245$aIl patibolo$9(OLS)http://semarc/title/56008 996 $6260$aMilano :$bMursia$9(OLS)http://semarc/publisher/30230